La guerra de Sandino, o, Pueblo desnudo (Registro nro. 18443)

Detalles MARC
000 -CABECERA
Longitud fija campo de control 00704nam a2200229 a 4500
003 - IDENTIFICADOR DELl NÚMERO DE CONTROL
Identificador del número de control OSt
005 - FECHA Y HORA DE LA ÚLTIMA TRANSACCIÓN
Fecha y hora de la última transacción 20150317091510.0
008 - CÓDIGOS DE INFORMACIÓN DE LONGITUD FIJA
Códigos de información de longitud fija 861120s1985 nq a 000 0 spa
010 ## - NÚMERO DE CONTROL DE LA BIBLIOTECA DEL CONGRESO
Número de control de LC 86225578
040 ## - FUENTE DE LA CATALOGACIÓN
Centro transcriptor BMC
082 ## - NÚMERO DE LA CLASIFICACIÓN DECIMAL DEWEY
Númeroo de clasificación 863.99225
082 ## - NÚMERO DE LA CLASIFICACIÓN DECIMAL DEWEY
Númeroo de clasificación 972.85051
100 1# - PUNTO DE ACCESO PRINCIPAL-NOMBRE DE PERSONA
Nombre de persona Selva, Salomón de la
Fechas asociadas al nombre 1893-1959
9 (RLIN) 30731
245 13 - MENCIÓN DE TÍTULO
Título La guerra de Sandino, o, Pueblo desnudo
Mención de responsabilidad, etc. Salomón de la Selva
260 ## - PUBLICACIÓN, DISTRIBUCIÓN, ETC. (PIE DE IMPRENTA)
Lugar de publicación, distribución, etc. Managua, Nicaragua
Nombre del editor, distribuidor, etc. Nueva Nicaragua
Fecha de publicación, distribución, etc. 1985
300 ## - DESCRIPCIÓN FÍSICA
Extensión 122 p.
Otras características físicas il.
Dimensiones 18 cm
490 ## - MENCIÓN DE SERIE
Mención de serie Biblioteca popular sandinista
Designación de volumen o secuencia 22
500 ## - NOTA GENERAL
Nota general Edición póstuma
650 24 - PUNTO DE ACCESO ADICIONAL DE MATERIA - TÉRMINO DE MATERIA
9 (RLIN) 30194
Término de materia o nombre geográfico como elemento inicial Novela nicaragüense
651 24 - PUNTO DE ACCESO ADICIONAL DE MATERIA - NOMBRE GEOGRÁFICO
Nombre geográfico Nicaragua
Subdivisión de materia general Historia
Subdivisión cronológica 1926-1929 (Revolución)
9 (RLIN) 28684
942 ## - ENTRADA DE ELEMENTOS AGREGADOS (KOHA)
Fuente de clasificaión o esquema Dewey Decimal Classification
Koha [por defecto] tipo de item 1- Monografias
Existencias
Suprimido Perdido Fuente de clasificación o esquema Estropeado Restricciones de uso No para préstamo Código de colección Localización permanente Localización actual Localización en estanter&íacute;as Fecha adquisición Fuente de adquisición Número de inventario Préstamos totales Signatura completa Código de barras Fecha última consulta Coste, precio reemplazado Fecha del precio de reemplazo Tipo de item de Koha
NULL NULL Dewey Decimal Classification NULL Prestable NULL NULL Biblioteca Miguel de Cervantes - UNICAES Biblioteca Miguel de Cervantes - UNICAES Sala Principal 13/02/2015 Donación - Jorge Giammattei 028065   N SEL gue 1028475 13/02/2015 12.00 13/02/2015 1- Monografias